Melbourne - Choix multiples - Statistiques

Statistiques générales
  • Ce quiz a été pris 2 242 fois
    2 232 depuis la dernière actualisation
  • Le résultat moyen est 5 sur 10
Statistiques - réponses
Question Réponse % Correct
Quel sport est pratiqué pendant l'Open d'Australie ? Le tennis
96%
Quelle interjection d'origine grecque est aussi le nom de la plus grande tour de Melbourne ? Eurêka
78%
Que trouve-t-on au large et au sud de Melbourne ? La Tasmanie
75%
De quoi Melbourne possède le plus le long réseau au monde ? Tramway
62%
Quelle actrice née à Melbourne a joué le rôle de Galadriel dans "Le Seigneur des Anneaux" ? Cate Blanchett
59%
Quel film d'anticipation fut tourné à Melbourne ? Mad Max
51%
Dans quel Etat se trouve Melbourne ? Victoria
44%
Pour quelle raison la population de Melbourne a explosé au XIXe siècle ? On a trouvé de l'or dans la région
40%
Face à quelle autre ville Melbourne a-t-elle bataillé pour devenir capitale, en vain ? Sydney
25%
Comment se nomme cet oiseau asiatique qui est devenu une espèce particulièrement envahissante à Melbourne ? Le martin triste
18%
Aucun quiz correspondant
Distribution des résultats
% des personnes avec chaque résultat
Percentile par nombre de réponses
Votre historique - résultats
Vous n’avez pas pris ce quiz depuis la dernière actualisation